Highest Goalscorers in International Football for Uruguay - Statistics

General Stats
  • This quiz has been taken 81 times
  • The average score is 5 of 24
Answer Stats
# Goals Caps Years Answer % Correct
1 63 120 2007- Luis Suarez
100%
2 51 120 2008- Edinson Cavani
97%
3 36 112 2002-2014 Diego Forlán
89%
16 17 73 1982-1997 Enzo Francescoli
35%
7 26 70 1996-2012 Sebastián Abreu
26%
20 14 49 1994-2005 Darío Silva
17%
4 31 51 1917-1930 Héctor Scarone
14%
19 15 46 1984-1995 Rubén Sosa
14%
12 19 24 1935-1942 Severino Varela
12%
9 22 53 1971-1983 Fernando Morena
11%
13 18 25 1909-1922 Carlos Scarone
9%
5 28 69 1913-1927 Ángel Romano
6%
13 18 25 1923-1935 Héctor Castro
6%
23 13 27 1923-1932 José Pedro Cea
6%
11 20 40 1909-1921 José Piendibene
6%
6 27 39 1950-1958 Óscar Míguez
6%
15 17 52 1961-1974 Pedro Rocha
6%
21 13 24 2003-2008 Carlos Bueno
5%
10 22 64 1982-1997 Carlos Aguilera
3%
18 15 33 1976-1981 Waldemar Victorino
3%
17 16 31 1952-1957 Javier Ambrois
2%
22 13 26 1952-1966 Julio Abbadie
2%
8 24 28 1923-1930 Pedro Petrone
2%
24 13 33 1937-1945 Roberto Porta
2%
No matching quizzes found
Score Distribution
Percent of People with Each Score
Percentile by Number Answered
Your Score History
You have not taken this quiz